00297nam a2200121Ia 4500008004100000100002700041245004100068260002200109300000800131650001200139942000700151999001700158190216s9999||||xx |||||||||||||| ||und|| aJanardhanan Pillay .cp 0aThird Year Bsc Vectors And Mechanics bAjith Book Center a124 aPhysics cBK c33374d33374